|
|
|
|
| LEADER |
02671nam a22004215i 4500 |
| 001 |
978-1-4302-0143-4 |
| 003 |
DE-He213 |
| 005 |
20151204183840.0 |
| 007 |
cr nn 008mamaa |
| 008 |
100301s2006 xxu| s |||| 0|eng d |
| 020 |
|
|
|a 9781430201434
|9 978-1-4302-0143-4
|
| 024 |
7 |
|
|a 10.1007/978-1-4302-0143-4
|2 doi
|
| 040 |
|
|
|d GrThAP
|
| 050 |
|
4 |
|a QA76.758
|
| 072 |
|
7 |
|a UMZ
|2 bicssc
|
| 072 |
|
7 |
|a UL
|2 bicssc
|
| 072 |
|
7 |
|a COM051230
|2 bisacsh
|
| 082 |
0 |
4 |
|a 005.1
|2 23
|
| 100 |
1 |
|
|a Sink, Eric.
|e author.
|
| 245 |
1 |
0 |
|a Eric Sink on the Business of Software
|h [electronic resource] /
|c by Eric Sink.
|
| 264 |
|
1 |
|a Berkeley, CA :
|b Apress,
|c 2006.
|
| 300 |
|
|
|a XIV, 320 p.
|b online resource.
|
| 336 |
|
|
|a text
|b txt
|2 rdacontent
|
| 337 |
|
|
|a computer
|b c
|2 rdamedia
|
| 338 |
|
|
|a online resource
|b cr
|2 rdacarrier
|
| 347 |
|
|
|a text file
|b PDF
|2 rda
|
| 505 |
0 |
|
|a Entrepreneurship -- What is a Small ISV? -- Whining by a Barrel of Rocks -- Starting Your Own Company -- Finance for Geeks -- Exploring Micro-ISVs -- First Report from My Micro-ISV -- Make More Mistakes -- People -- Small ISVs: You Need Developers, not Programmers -- Geeks Rule and MBAs Drool -- Hazards of Hiring -- Great Hacker!= Great Hire -- My Comments on “Hitting the High Notes” -- Career Calculus -- Marketing -- Finding a Product Idea for Your Micro-ISV -- Marketing is not a Post-processing Step -- Choose Your Competition -- Act Your Age -- Geek Gauntlets -- Be Careful Where You Build -- The Game is Afoot -- Going to a Trade Show -- Magazine Advertising Guide for Small ISVs -- Sales -- Tenets of Transparency -- Product Pricing Primer -- Closing the Gap, Part 1 -- Closing the Gap, Part 2 -- Just Do It.
|
| 520 |
|
|
|a Eric Sink on the Business of Software is a selection of the best and most popular essays from the author's website. This insightful collection of essays explore the business concerns that programmers face during the course of their careers—particularly those programmers who are small independent software vendors. Sink also covers issues like starting your own business, and then performing the hiring, marketing, and finances in a style that programmers understand, sprinkled with a touch of humor.
|
| 650 |
|
0 |
|a Computer science.
|
| 650 |
|
0 |
|a Software engineering.
|
| 650 |
1 |
4 |
|a Computer Science.
|
| 650 |
2 |
4 |
|a Software Engineering/Programming and Operating Systems.
|
| 710 |
2 |
|
|a SpringerLink (Online service)
|
| 773 |
0 |
|
|t Springer eBooks
|
| 776 |
0 |
8 |
|i Printed edition:
|z 9781590596234
|
| 856 |
4 |
0 |
|u http://dx.doi.org/10.1007/978-1-4302-0143-4
|z Full Text via HEAL-Link
|
| 912 |
|
|
|a ZDB-2-CWD
|
| 950 |
|
|
|a Professional and Applied Computing (Springer-12059)
|